El derecho real de superficie forestal /
Guardado en:
| Autor Principal: | |
|---|---|
| Formato: | Libro |
| Idioma: | Spanish |
| Publicado: |
Buenos Aires :
LexisNexis,
2006
|
| Edición: | 1a. ed. |
| Materias: | |
| Etiquetas: |
Agregar Etiqueta
Sin Etiquetas, Sea el primero en etiquetar este registro!
|
| LEADER | 00485nam a22001575a 4500 | ||
|---|---|---|---|
| 001 | DER.der003751 | ||
| 008 | 180615s2006####ag#||||||||||||||#||spa|| | ||
| 005 | 20251020174026.0 | ||
| 245 | 1 | 0 | |a El derecho real de superficie forestal / |c Lydia Esther Calegari de Grosso |
| 250 | |a 1a. ed. | ||
| 260 | |a Buenos Aires : |b LexisNexis, |c 2006 | ||
| 300 | |a 280 p. | ||
| 020 | |a 9875921408 | ||
| 100 | 1 | |a Calegari de Grosso, Lydia E. | |
| 650 | 7 | |a DERECHOS REALES | |
| 859 | |a DERECHO |b BIB. DERECHO |h 346.044 |i CAL |p 005337 | ||
